| 000 | 00374nam a2200145Ia 4500 | ||
|---|---|---|---|
| 999 |
_c523240 _d523240 |
||
| 005 | 20190131131433.0 | ||
| 008 | 190125s9999 xx 000 0 und d | ||
| 040 | _cDLC | ||
| 082 |
_a297.1 _bUSM |
||
| 100 |
_aMuhammad Taqi Usmani _913606 |
||
| 245 | _aIslam Aur Jadeed Muashi Masail / | ||
| 260 |
_bAdara e Islamiat _aLahore _c2008 |
||
| 300 | _a276p. ; | ||
| 942 |
_2ddc _cBK |
||